Normal view
MARC view
Entry Término temático
001 - NÚMERO DE CONTROL
- campo de control: 191470
003 - IDENTIFICADOR DEL NÚMERO DE CONTROL
- campo de control: CHAP
005 - FECHA Y HORA DE LA ÚLTIMA TRANSACCIÓN
- campo de control: 20251112132908.0
008 - DATOS DE LONGITUD FIJA
- campo de control de longitud fija: 251112|| acd||babn | a|a d
040 ## - FUENTE DE LA CATALOGACIÓN
- Centro catalogador/agencia de origen: Z
- Centro/agencia transcriptor: CHAP
150 13 - ENCABEZAMIENTO--TÉRMINO DE MATERIA
- Término de materia o nombre geográfico como elemento de entrada: Conservación del hábitat
670 ## - FUENTE DE DATOS ENCONTRADOS
- Cita de la fuente: Fulbright, Timothy Edwards. Ecología y manejo de venado cola blanca/ Timothy Edwards Fulbright y J. Alfonso Ortega S. 2a edición, 2016
